000 01258nam2a2200265 4500
001 rc\2853495
005 20260315050325.0
035 _a(NLR Aleph) 007008240
090 _a13576867
_c13576867
100 _a20110706d1927 u y0rusy50 ca
101 0 _arus
102 _aRU
105 _ay z |||||
200 1 _aГородское население
_fР.Т. Артищев, Е.А. Охитович
210 _d1927
215 _a11 с.
461 0 _1001rc\2853494
_12001#$aПредварительные итоги всесоюзной переписи 1926 г. в Самарской губернии$fСССР. Стат. отд. Сам. губисполкома$vВып. 1
_95788004
_aСамарский губернский статистический отдел
_cСамара
_d1927
_fСССР. Статистический отдел Самарского губисполкома
_nБ. и.
_tПредварительные итоги всесоюзной переписи 1926 г. в Самарской губернии
_vВып. 1
700 1 _aАртищев
_bР.Т.
701 1 _aОхитович
_bЕ.А.
801 0 _aRU
_bNLR
_gpsbo
801 1 _aRU
_bELAR
_2rusmarc
852 _aNLR
_j59/2378(1)
942 _cUNSPEC
980 _aNB